00481nam a2200145Ia 4500008004100000041000800041082001700049100002300066245002900089260003900118300003400157365000700191999001500198952012200213240624s9999 xx 000 0 und d aeng a658.4092 GOL aGOLDSMITH MARSHALL aMANY FACTS OF LEADERSHIP c2004aNew DelhibPearson Education axxviii, : 413 : p. : cm. ; 24 cRS c3120d3120 00104070aIMTNbIMTNcRack 30-Bd2006-01-03eAPg350.00o658.4092 GOLp3120r2024-06-24 00:00:00t1w2024-06-24yBK